000 00415nam a2200169Ia 4500
003 GCL
008 140319s9999 xx 000 0 eng d
040 _aGCL /
_cGCL
082 0 4 _a658
_bK C
100 1 _aKOLARIK, WILLIAM
245 1 0 _aCREATING QUALITY /
_cKOLARIK, WILLIAM
260 _a[S.N] :
_bMC GRAW - HILL
300 _a925\P
650 0 4 _aSYSTEM ANALYSIS
650 0 4 _aQUALITY CONTROL
942 _2ddc
_cBK
999 _c11172
_d11172